[Event "Almansa op-B 14th"]
[Site "Almansa"]
[Date "2019.08.07"]
[Round "2"]
[White "Perez Fernandez, Jose Vicente"]
[Black "Santa Puche, Pedro Jose"]
[Result "1/2-1/2"]
[WhiteElo "1733"]
[BlackElo "1970"]
[PlyCount "70"]
[EventDate "2019.08.07"]
[EventType "swiss"]
[EventRounds "7"]
[EventCountry "ESP"]
[SourceTitle "EXT 2022"]
[Source "ChessBase"]
[SourceDate "2021.10.06"]
[SourceVersion "1"]
[SourceVersionDate "2021.10.06"]
[SourceQuality "1"]

1. c4 e5 2. g3 Nc6 3. Bg2 f5 4. Nc3 Nf6 5. d3 Bb4 6. Bd2 0-0 7. e3 Bxc3 8. Bxc3 d6 9. Ne2 Qe8 10. b4 Nd8 11. a4 Rb8 12. a5 Bd7 13. b5 c6 14. Rb1 Ne6 15. b6 a6 16. 0-0 Qh5 17. d4 exd4 18. Bxd4 Nxd4 19. exd4 Qf7 20. d5 c5 21. Nc3 Ng4 22. Ne2 Rbe8 23. Qc2 Kh8 24. h3 Ne5 25. f4 Ng6 26. Kh2 Re3 27. Ng1 Rfe8 28. Rf3 h6 29. Rbf1 Nf8 30. Rxe3 Rxe3 31. Rf3 Re1 32. Rf2 Qf6 33. Re2 Qa1 34. Rxe1 Qxe1 35. Qe2 Qxe2 1/2-1/2